000 00379 a2200157 4500
003 Nust
005 20230307094308.0
040 _cNust
082 _a297.55,BAS
100 _a Bashmail , Muhammad Ahmad
_9109915
245 _a Fathe Khyber /
_cMuhammad Ahmad Bashmail
260 _aKarachi
_bNafees Academy
300 _a226
650 _a Islam
942 _2ddc
_cBK
_k297.55,BAS
999 _c188185
_d188185